Responses for Show #8558 - Wednesday, January 19, 2022

Amy Schneider game 36.

Contestants

[<< previous game]

Dimitri Apessos, an 8th grade math teacher from New Orleans, Louisiana

Ashley Chow, a corporate lawyer from Santa Clara, California

Amy Schneider, an engineering manager from Oakland, California (whose 35-day cash winnings total $1,164,000)

[next game >>]

Jeopardy! Round responses

WORLD LEADERS
ALL EARS
HOW ARE WE EVEN RELATED?
POTENT POTABLES
AN ORANGE CATEGORY
CORRECT THAT NUMBER
    $200 8
Boris Johnson

Ashley
    $200 30
owls

Amy
    $200 1
father & daughter

Dimitri
    $200 28
rum

Amy
    $200 6
(University of) Texas (at Austin)

Dimitri
    $200 19
(Ashley: What is [**]?)
[Initially ruled incorrect; reversed before Double Jeopardy! due to citations of the number meaning slightly drunk.]

three sheets to the wind (or two sheets to the wind)

AshleyDimitri
    $400 7
Fidel & Raul Castro

Ashley
    $400 29
a Basset Hound

Dimitri
    $400 4
brother & sister

Dimitri
    $400 27
beer

Amy
    $400 3
a clementine

Amy
    $400 23
11

Amy
    $200 2
(Dimitri: I've always wanted to say this--$200, please.)
[Ken laughs]

Macron

Dimitri
    $600 13
crocodiles

Amy
    $600 5
(Ashley: Uh, what is husband and wife?)
...
(Ken: He married Lisa Bonet.)
[NOTE: Six days before this episode aired, Momoa and Bonet announced that they were ending their marriage. This episode was taped prior to that announcement.]

stepdad & stepdaughter

AshleyDimitri
    $600 20
mescal

Dimitri
    $600 16
a jumpsuit

Amy
    $600 24
12

Ashley
    $800 9
Liberia

Amy
    $800 14
jackrabbits

Amy
    $800 11
(Dimitri: [*], what are [*]?)
(Ken: Yeah, Bridget is Peter Fonda's daughter.)

aunt & niece

Dimitri
    $800 21
whiskey

Amy
    $800 17
Fanta

Dimitri
    $800 25
100

Amy
    $1000 10
Sadat

Amy
    $1000 15
katydids

Amy
    $1000 12
grandmother & granddaughter

Dimitri
    $1000 22
Chartreuse

Amy
    $1000 18
Knott's Berry Farm

Amy
    $1000 26
(Amy: What is 500?)
...
(Ken: You got the poem right, but there's actually [*] in "The Charge of the Light Brigade".)

600

Amy
Triple Stumper

Scores at the first commercial break (after clue 15):

Amy Ashley Dimitri
$4,600 $0 $3,400

Scores at the end of the Jeopardy! Round:

Amy Ashley Dimitri
$9,000 $800 $5,400

Double Jeopardy! Round responses

LOCAL NICKNAMES
"BIG" TALK
CEMETERIES
SHORT NOVELS
MEXICO BEFORE 1600
ALSO A BROADWAY MUSICAL
    $400 30
the Met

Amy
    $400 29
the Big Bad Wolf

Amy
    $400 26
West Point

Dimitri
    $400 1
Of Mice and Men

Amy
    $400 28
calendars

Amy
    $400 27
Hamilton

Amy
    $800 18
Johannesburg

Ashley
    $800 10
Bigfoot

Amy
    $800 25
Arlington

Amy
    $800 2
the "Heart of Darkness"

Dimitri
    $800 14
corn

Ashley
    $800 9
grease

Amy
    $1200 19
Ole Miss

Amy
    $1200 11
big box

Ashley
    $2,000 22
Sleepy Hollow

Amy
    $1200 6
fly fishing

Ashley
    $1200 15
obsidian

Amy
    $1200 3
Katz

Dimitri
    $1600 20
Sydney

Amy
    $1600 12
a big tent

Amy
    $1600 23
Brussels

Amy
    $1600 7
Isherwood

Amy
    $1600 16
(Dimitri: Who are the Aztec?)

the Olmecs

Dimitri
Triple Stumper
    $1600 4
carousel

Amy
    $2000 21
Prince Edward Island

Triple Stumper
    $3,000 13
(Ken: It's a shame Mayim wasn't here for that.)

the big bang

Amy
    $2000 24
Père Lachaise

Amy
    $2000 8
The Awakening

Ashley
    $2000 17
Chichen Itza

Triple Stumper
    $2000 5
rent

Amy

Scores at the end of the Double Jeopardy! Round:

Amy Ashley Dimitri
$32,800 $6,800 $6,200
(lock game)

[wagering suggestions for these scores]

Final Jeopardy! Round responses

FILMS OF THE 2000s
(Ken: [After the music and before the reveals] Did our players remember that the original movie, The Paper Chase, is set in law school?)
...
(Ken: [To Dimitri] Yes, Reese Witherspoon classic.)
...
(Ken: [To Ashley] Are you a fan?)
(Ashley: Well, as a lawyer, I don't know.)
[Ken laughs]
(Ashley: Not sure.)
(Ken: We got a second if you want to run down the factual inaccuracies of [*] and [*] 2.)
...
(Amy: Like a paper, the newspaper.)
DimitriWhat is Legally Blonde?
$6,000
AshleyWhat is Legally Blonde?
$5,601
AmyWhat is Never Been Kissed?
$15,000
Legally Blonde

Final scores:

Amy Ashley Dimitri
$17,800 $12,401 $12,200
36-day champion: $1,181,800 2nd place: $2,000 3rd place: $1,000

Game dynamics:

Coryat scores:

Amy Ashley Dimitri
$31,000 $6,800 $6,600
34 R
(including 2 DDs),
1 W
9 R,
1 W
14 R
(including 1 DD),
1 W

Combined Coryat: $44,400

[game clues] [game scores] [suggest correction]

Game tape date: 2021-11-08
The J! Archive is created by fans, for fans. Scraping, republication, monetization, and malicious use prohibited; this site may use cookies and collect identifying information. See terms. The Jeopardy! game show and all elements thereof, including but not limited to copyright and trademark thereto, are the property of Jeopardy Productions, Inc. and are protected under law. This website is not affiliated with, sponsored by, or operated by Jeopardy Productions, Inc. Join the discussion at JBoard.tv.